000 00415 a2200157 4500
020 _a0387952241
040 _aDLC
_bDLC
082 _a515.7
100 1 _aSaxe, Karen.
245 1 0 _aBeginning functional analysis
_cKaren Saxe.
260 _aNew York :
_bSpringer,
_c2002.
300 _a197 p. :
_bill.
440 0 _aUndergraduate texts in mathematics.
650 0 _aFunctional analysis.
942 _cBK
_k515.7 SAX
_2ddc
999 _c7587
_d7587